| 000 | 00780cam a2200229 4500 | ||
|---|---|---|---|
| 001 | ABS61887 | ||
| 008 | 000000n2000 000 0 eng u | ||
| 035 | _a(Sirsi) u104674 | ||
| 100 | _aHoare, S. | ||
| 245 | _aStepping out with part M | ||
| 260 | _c2000 | ||
| 490 |
_aHouse Builder _v59(2) March 2000 30-32(3) |
||
| 520 | _aReports on the technical challenges and cost implications of new building regulations requiring easy access for the elderly and disabled. | ||
| 590 | _aABS | ||
| 650 |
_aBUILDING REGULATIONS _96224 |
||
| 650 | _aPART M | ||
| 650 | _aACCESS | ||
| 650 | _aMANAGEMENT-BUSINESS MANAGEMENT-DISCRIMINATION-DISABILITY DISCRIMINATION-ACCESSIBILITY | ||
| 650 | _aACCESSIBLE THRESHOLDS | ||
| 690 | _aBUILT ENVIRONMENT-BUILDING STANDARDS | ||
| 942 | _n0 | ||
| 999 |
_c62802 _d62802 |
||